MARC

LEADER 00000nam0a2200000 4500
001 309434
005 20231102002205.0
035 |a (RuTPU)RU\TPU\book\334756 
090 |a 309434 
100 |a 20151113d1981 km y0rusy50 ca 
101 0 |a rus 
102 |a RU 
105 |a a z 001zy 
200 1 |a Автоматизированная интерпретация результатов геофизических скважин  |f В. Г. Ингерман 
210 |a Москва  |c Недра  |d 1981 
215 |a 224 с.  |c ил. 
320 |a Библиогр.: с. 217-223 
606 1 |a Буровые скважины  |x Геофизические исследования  |2 stltpush  |3 (RuTPU)RU\TPU\subj\30610  |9 53695 
610 1 |a каротажные работы 
610 1 |a техническое обеспечение 
610 1 |a автоматизированная интерпретация 
610 1 |a каротажные кривые 
610 1 |a пласты 
610 1 |a терригенные коллекторы 
610 1 |a параметры 
610 1 |a электрическое сопротивление 
675 |a 550.532  |v 4 
700 1 |a Ингерман  |b В. Г.  |g Владимир Григорьевич 
801 1 |a RU  |b 63413507  |c 20151113 
801 2 |a RU  |b 63413507  |c 20191029  |g RCR 
942 |c BK